000 00971nam a2200229 u 4500
001 000385944
003 AM-YeHGA
005 20250618072325.0
008 041122s1984 ai r 000 0 arm d
040 _aAM-YeHGA
041 0 _aarm
245 0 0 _aՄիքայել Արուտչյան =
_bМикаел Арутчьян : Նկարացանկ /
_cԿազմ.՝ Ն.Մ. Մազմանյան; ՀՍՍՀ Կուլտուրայի մինիստր., Հայաստանի պետ. պատկերասրահ.
246 3 4 _aМ. Арутчьян
260 _aԵրևան :
_bԱ. հ.,
_c1984.
300 _a136 էջ :
_bնկ. ;
_c27 սմ.
600 1 4 _aԱրուտչյան, Միքայել
_91080
650 1 4 _aՆկարչություն
_vԿատալոգ
700 1 _aՄազմանյան, Նազելի Միքայելի
_eկազմ.
_4com
710 2 _aԿուլտուրայի մինիստրություն ՀՍՍՀ
710 2 _aՀայաստանի պետական պատկերասրահ
090 _c148323
999 _c146936
_d146936